[Event "FEDA International Scheveningen 2020"]
[Site "La Palma"]
[Date "2020.12.09"]
[Round "10.2"]
[White "Vazquez Igarza, Renier"]
[Black "Korobov, Anton"]
[Result "1/2-1/2"]
[WhiteElo "2556"]
[BlackElo "2683"]
[Annotator "TA"]
[PlyCount "49"]
[EventDate "2020.11.29"]
[EventCountry "ESP"]
[SourceTitle "playchess.com"]
[Source "ChessBase"]
[SourceQuality "1"]

{[%evp 31,49,0,0,0,0,-27,0,0,0,0,0,0,0,0,0,0,0,0,0,0]} 1. e4 c5 2. Nf3 d6 3. d4 cxd4 4. Nxd4 Nf6 5. Nc3 a6 6. Bg5 e6 7. f4 Nbd7 8. Qf3 Qc7 9. O-O-O b5 10. e5 Bb7 11. Qh3 dxe5 12. Nxe6 fxe6 13. Qxe6+ Be7 14. Bxb5 axb5 15. Nxb5 Qc6 16. Nd6+ Kd8 {[#] Hoping for ...Re8!} 17. fxe5 {B96: Sicilian Najdorf: 6 Bg5 e6 7 f4, lines other than 7...Qb6 and 7...Be7.} Kc7 {Threatens to win with ...Nd5.} 18. Qxe7 Rxa2 19. exf6 {The position is equal.} Ra1+ 20. Kd2 Qd5+ 21. Kc3 Qa5+ {[#]} 22. Kd3 $5 $146 {[%mdl 8] New and interesting.} ({Predecessor:} 22. b4 Ra3+ 23. Kd4 Qd5# {0-1 (23) Ashton,A (2331)-Hebden,M (2514) Halifax 2005}) 22... Qd5+ $1 23. Kc3 Qa5+ 24. Kd3 $1 Qd5+ $1 25. Kc3 {Not much happened in this game.  Weighted Error Value: White=0.02/Black=0.02} 1/2-1/2

[Event "FEDA International Scheveningen 2020"]
[Site "La Palma"]
[Date "2020.12.09"]
[Round "10.3"]
[White "Santos Ruiz, Miguel"]
[Black "Eljanov, Pavel"]
[Result "1/2-1/2"]
[WhiteElo "2581"]
[BlackElo "2672"]
[Annotator "TA"]
[PlyCount "60"]
[EventDate "2020.11.29"]
[EventCountry "ESP"]
[SourceTitle "playchess.com"]
[Source "ChessBase"]
[SourceQuality "1"]

{[%evp 15,60,9,17,12,27,22,23,29,36,21,42,40,41,25,33,33,46,44,51,41,41,44,36,37,45,42,70,68,76,73,71,9,21,6,6,6,37,37,40,32,33,33,39,40,23,0,0]} 1. d4 Nf6 2. c4 e6 3. Nc3 Bb4 4. Qc2 O-O 5. a3 Bxc3+ 6. Qxc3 d6 7. Nf3 b6 8. e3 Bb7 9. Be2 {E32: Nimzo-Indian: Classical (4 Qc2): 4...0-0.} a5 10. b3 Ne4 11. Qc2 {White has an edge.} c5 12. O-O {[#]} Qe7 $146 ({Predecessor:} 12... Nd7 13. Rb1 f5 14. b4 Qc7 15. Rd1 axb4 16. axb4 Bc6 17. Re1 Ra7 18. Nd2 Rfa8 19. Nxe4 Bxe4 {0-1 (24) Sarkozi,F (2123)-Farago,S (2292) Budapest 2000}) 13. Nd2 Nxd2 14. Qxd2 Nd7 15. Rd1 Qg5 {[%csl Gb7][%cal Rg5g2] [#]} 16. f3 Rfd8 17. e4 Qxd2 18. Rxd2 cxd4 19. Rxd4 Nc5 20. Rb1 d5 21. exd5 exd5 22. cxd5 Bxd5 {[#]} 23. Be3 (23. b4 $1 $16 {[%cal Rb4c5]} Ne6 24. Rd1) 23... Re8 $11 24. Kf2 Bxb3 25. Rd6 $36 {[%mdl 2048] Threatens to win with Bxc5. White has the initiative.} a4 26. Rxb6 Nd7 {...Rxe3 is the strong threat.} 27. Rd6 Ne5 28. Rc1 Rac8 29. Rxc8 Rxc8 30. Bb6 Nc4 {Weighted Error Value: White=0.11/Black=0.07} 1/2-1/2

[Event "FEDA International Scheveningen 2020"]
[Site "La Palma"]
[Date "2020.12.09"]
[Round "10.4"]
[White "Salgado Lopez, Ivan"]
[Black "Van Foreest, Jorden"]
[Result "1/2-1/2"]
[WhiteElo "2593"]
[BlackElo "2671"]
[Annotator "TA"]
[PlyCount "89"]
[EventDate "2020.11.29"]
[EventCountry "ESP"]
[SourceTitle "playchess.com"]
[Source "ChessBase"]
[SourceQuality "1"]

{[%evp 9,89,42,53,44,49,49,45,42,60,35,57,15,18,14,18,18,11,11,23,24,28,25,35,11,49,18,18,0,143,147,140,145,141,110,124,118,121,20,14,-9,198,207,225,188,201,187,187,187,187,187,187,187,187,177,177,157,177,170,176,165,198,247,246,231,214,133,127,63,63,63,64,63,63,63,63,63,71,66,71,71,77,79]} 1. d4 Nf6 2. c4 e6 3. Nf3 d5 4. Nc3 dxc4 5. e4 b5 6. e5 {D24: Queen's Gambit Accepted: 3 Nf3 Nf6 4 Nc3.} Nd5 7. Nxb5 Nb6 8. Be2 {White is slightly better.} Nc6 9. Be3 Be7 10. a3 Rb8 11. Qc2 Na5 12. Nc3 (12. Nxa7 Bd7 $17) 12... Bb7 13. Rd1 h6 14. O-O O-O 15. Nd2 {[#]} Qc8 $146 ({Predecessor:} 15... Qd7 16. f4 Nd5 17. Nxd5 Bxd5 18. Qc3 Rb5 19. Nxc4 Nxc4 20. Bxc4 Bxc4 21. Qxc4 Rxb2 {½-½ (61) Mamedyarov,S (2801)-Caruana,F (2822) Saint Louis 2018}) 16. Nce4 Bc6 17. Qc3 (17. b4 $5 {[%cal Rb4a5]} Ba4 18. Qa2 Bxd1 19. Rxd1 $11) 17... Nb3 $1 18. Bxh6 {aiming for Nf6+!} gxh6 (18... Bxe4 $11 19. Nxe4 gxh6) 19. Nf6+ $1 $16 Bxf6 20. exf6 {White threatens Qg3+ and mate.} Kh7 {White must now prevent ...Nxd2.} 21. Nxb3 {[%mdl 64] Pin} Rg8 {[#]} 22. g3 $1 Ba4 {[%mdl 64] [#] Pin} 23. Nc5 (23. Na5 $1 $16) 23... Bxd1 $11 24. Bxd1 {Threatens to win with Bc2+.} Nd5 $2 (24... Qd8 $1 $11 {and Black has nothing to worry.}) 25. Bc2+ $18 Rg6 26. Bxg6+ Kxg6 27. Qc2+ Kxf6 28. Qxc4 Kg7 29. b4 Qd8 30. h4 Rb6 31. Re1 Nf6 32. Qc3 Nd5 33. Qd3 Nf6 34. Ne4 Rc6 35. b5 Rb6 36. Nxf6 Qxf6 {[%mdl 4096] Endgame KQR-KQR} 37. Qc4 Qf3 38. Qxc7 ({White should play} 38. d5 $16 {[%cal Rd5e6]} Qxd5 39. Qc3+ (39. Qxc7 Rxb5 40. Qxa7 Rb3 $16) 39... Kg6 40. a4 (40. Qxc7 Rxb5 41. Qxa7 Qd2 $14)) 38... Rxb5 $14 39. Qxa7 Qc3 40. Rf1 Ra5 41. Qb8 Qxa3 42. Qf4 Qd3 43. Rc1 Rf5 44. Qg4+ Kh7 45. Qd1 {Black defended with fortune.  Weighted Error Value: White=0.14/Black=0.20} ({But not} 45. Rc8 $2 Qb1+ 46. Kg2 (46. Kh2 $2 {gets mated.} Rxf2+ 47. Kh3 Qh1#) 46... Qb7+ {[%mdl 64] Double Attack} 47. Kg1 Qxc8 $19) 1/2-1/2

[Event "FEDA International Scheveningen 2020"]
[Site "La Palma"]
[Date "2020.12.09"]
[Round "10.5"]
[White "Santos Latasa, Jaime"]
[Black "Edouard, Romain"]
[Result "1/2-1/2"]
[WhiteElo "2600"]
[BlackElo "2640"]
[Annotator "TA"]
[PlyCount "45"]
[EventDate "2020.11.29"]
[EventCountry "ESP"]
[SourceTitle "playchess.com"]
[Source "ChessBase"]
[SourceQuality "1"]

{[%evp 19,45,-6,78,72,117,-68,68,-137,-145,-431,-303,-295,0,0,0,0,0,0,0,0,0,0,0,0,0,0,0,0]} 1. e4 e6 2. d4 d5 3. Nc3 Bb4 4. e5 c5 5. a3 Bxc3+ 6. bxc3 Ne7 7. Qg4 O-O 8. Bd3 Nbc6 9. Bg5 Qa5 10. Ne2 cxd4 {[#]} (10... Ng6 $11) 11. f4 $1 $16 {C18: French: 3 Nc3 Bb4: Main line: 7 h4 and 7 Qg4.} dxc3 {[#] ...b6 is the strong threat.} 12. h4 $146 ({Better is} 12. Qh5 $16 {[%csl Gd3][%cal Rh5h7]} Ng6 13. O-O) ({Predecessor:} 12. O-O Qa4 13. Qh5 Ng6 14. Rf3 Nd4 15. Rh3 Nxe2+ 16. Kh1 h6 17. Bxh6 Ngxf4 18. Bh7+ Kh8 19. Bxg7+ {1-0 (19) Heimann,A (2588)-Barseghyan,H (2471) Brest 2018}) 12... Kh8 (12... Qa4 $1 $15 13. O-O Kh8) 13. Bxh7 $2 ({Don't play} 13. Bxe7 Nxe7 14. Rh3 Nf5 $17) (13. Rh3 $1 $14 {was forced to keep a grip.}) 13... Kxh7 $17 14. Qh5+ Kg8 15. Bf6 Ng6 $2 (15... gxf6 $19 16. exf6 d4 17. Qxa5 Nxa5 18. fxe7 Re8 19. Nxd4 Rxe7) 16. Qg5 $1 $11 {[#] Hoping for h5.The position is equal.} d4 $1 (16... gxf6 17. exf6 Nce7 18. h5 $18) 17. Ng3 $1 Ncxe5 ({But not} 17... gxf6 $6 18. Qh6 $16) 18. Bxg7 $1 Kxg7 19. Nh5+ Kh7 $1 20. Nf6+ Kg7 21. Nh5+ Kh7 $1 22. Nf6+ Kg7 23. Nh5+ 1/2-1/2